| 000 | 00441 a2200169 4500 | ||
|---|---|---|---|
| 020 | _a9780071315876 | ||
| 082 | _a004.6 | ||
| 090 |
_c7036 _d7036 |
||
| 100 | _aLin, Ying-Dar | ||
| 110 | _aHwang, Ren-Hung | ||
| 245 |
_aComputer networks : An open source approach _cYing-Dar Lin |
||
| 260 |
_aUS _bMcGraw Hill _c2012 |
||
| 300 | _a744 p. | ||
| 650 | _aComputer networks--Computer programs | ||
| 700 | _aYing-Dar Lin | ||
| 942 |
_cBK _k004.6 LIN |
||
| 999 |
_c10845 _d10845 |
||